Daňová politika v oblasti spotrebných daní v krajinách EÚ bakalárska práca

Na minha lista:
Detalhes bibliográficos
Autor principal: Dočekal, Ivan
Autor Corporativo: Fakulta podnikového manažmentu EU. Katedra podnikových financií
Outros Autores: Ďurinová, Ivona, 1964-
Formato: Livro
Idioma:eslovaco
Publicado em: Bratislava 2024
Tags: Adicionar Tag
Sem tags, seja o primeiro a adicionar uma tag!

MARC

LEADER 00000nbm a2200000 4500
001 0302012
005 20250224105354.1
041 0 |a slo 
044 |a SK 
245 1 0 |a Daňová politika v oblasti spotrebných daní v krajinách EÚ  |b bakalárska práca  |c Ivan Dočekal ; školiteľ: Ivona Ďurinová 
264 1 |a Bratislava  |c 2024 
300 |a 55 s. 
100 1 |a Dočekal, Ivan 
700 1 |a Ďurinová, Ivona, 1964- 
710 2 |a Fakulta podnikového manažmentu EU. Katedra podnikových financií